39高知県の市町村(選択形式) - Statistics

General Stats
  • This quiz has been taken 20 times
  • The average score is 22 of 34
Answers on the Map
Answers color-coded by a green-red scale on the quiz's map according to % correct below.
 
Answer Stats
Answer % Correct
09:四万十市
94%
01:高知市
88%
07:宿毛市
81%
08:土佐清水市
75%
02:室戸市
69%
03:安芸市
69%
04:南国市
69%
12:東洋町
69%
32:大月町
69%
05:土佐市
63%
06:須崎市
63%
11:香美市
63%
13:奈半利町
63%
14:田野町
63%
16:北川村
63%
17:馬路村
63%
18:芸西村
63%
19:本山町
63%
20:大豊町
63%
21:土佐町
63%
23:いの町
63%
24:仁淀川町
63%
25:中土佐町
63%
28:檮原町
63%
31:四万十町
63%
33:三原村
63%
15:安田町
56%
22:大川村
56%
26:佐川町
56%
27:越知町
56%
34:黒潮町
56%
10:香南市
50%
30:津野町
50%
29:日高村
44%
No matching quizzes found
Score Distribution
Percent of People with Each Score
Percentile by Number Answered
Your Score History
You have not taken this quiz